| 000 | 00868nam a22002297a 4500 | ||
|---|---|---|---|
| 001 | 40670 | ||
| 003 | UA-OsUOA | ||
| 005 | 20220205182210.0 | ||
| 007 | ta | ||
| 008 | 20060819b un ||||| |||| 00| 0 ukr d | ||
| 040 |
_aUA-OsUOA _bukr _cUA-OsUOA _dUA-OsUOA |
||
| 041 | _aukr | ||
| 080 | _a811,161,2 | ||
| 090 |
_a811,161,2 _bП39 |
||
| 100 | _aПлотнікова Л. Ф. | ||
| 245 |
_aУкраїнська мова _cПлотнікова Л. Ф., Сметанська М. І. _bЗавдання для контрольних робіт та довідкові матеріали для студентів заочної форми навчання |
||
| 260 |
_aК. _bКНУБА _c2004 |
||
| 300 | _a40 с. | ||
| 650 | 7 |
_a8 Мовознавство. Художня література. Літературознавство _2UDC |
|
| 942 |
_cBK _2udc |
||
| 955 | _a2 | ||
| 999 |
_c326813 _d326813 |
||